000 00575nam a2200205Ia 4500
001 15042
003 GE_BSU
008 181216s||||||||xx |||||||||||||| ||und||
040 _cGE_BSU
080 _a517.2(075.8)
100 _aВыгодский,М.Я.
245 _aДифференциальное исчисление
245 _bОсновы высшей математики II
260 _aМосква
260 _bНаука
260 _c1965
300 _a591стр.22см.
653 _aДифференциальное исчисление
942 _cBK
999 _c48160
_d48160